Материалы по организации библиотечного дела г. Петрограда и Петроградской губернии. 1 (Запись № 13483020)

Подробности
000 -МАРКЕР
контрольное поле 01797nam2a22002291 4500
001 - ИДЕНТИФИКАТОР ЗАПИСИ
контрольное поле RU\NLR\A1SV\77417
005 - ИДЕНТИФИКАТОР ВЕРСИИ
контрольное поле 20251203152403.2
035 ## - ДРУГИЕ СИСТЕМНЫЕ НОМЕРА
Идентификатор записи (NLR Aleph) 009758892
100 ## - ДАННЫЕ ОБЩЕЙ ОБРАБОТКИ
Данные общей обработки 20070301d1920 u y0rusy50 ca
101 0# - ЯЗЫК РЕСУРСА
Язык текста, звукозаписи и т.д. русский
200 0# - ЗАГЛАВИЕ И СВЕДЕНИЯ ОБ ОТВЕТСТВЕННОСТИ
Основное заглавие 1
210 ## - ПУБЛИКАЦИЯ, РАСПРОСТРАНЕНИЕ И ДР.
Дата издания, распространения и т.д. 1920
215 ## - ФИЗИЧЕСКАЯ ХАРАКТЕРИСТИКА
Специфическое обозначение материала и объем [2], 17 с.
327 1# - ПРИМЕЧАНИЯ О СОДЕРЖАНИИ
Текст примечания Положение о книжном коллекторе
-- Заведующим районных библиотечных секций: Инструкция № 1
-- Инструкторам центральным, районным и уездным: Инструкция № 2
-- Ответственным библиотечным работникам для руководства в их социально-педагогической деятельности: Инструкция № 3
-- Программа занятий в семинариях по библиотечному делу
461 #1 - УРОВЕНЬ НАБОРА
Встроенное поле 001RU\NLR\A1SV\77416
-- 2000#$aМатериалы по организации библиотечного дела г. Петрограда и Петроградской губернии$fЦентр. библ. секция. Внешк. подотд. П. Губ. ОНО$v1
Системный номер (АБИС) связанной записи 10010531
Автор Ленинградский губернский отдел народного образования. Центральная библиотечная секция
Место публикации Пб.
Дата публикации 1920-1921
Первые сведения об ответственности Центр. библ. секция. Внешк. подотд. П. Губ. ОНО
Имя издателя, распространителя и т.д. 5-я Гос. тип.
Заглавие Материалы по организации библиотечного дела г. Петрограда и Петроградской губернии
Номер тома 1
801 #0 - ИСТОЧНИК ЗАПИСИ
Страна Российская Федерация
Организация NLR
Дата составления 20070301
852 ## - МЕСТОНАХОЖДЕНИЕ И ШИФР ХРАНЕНИЯ
Идентификатор организации NLR
Шифр хранения (Call Number) Б 6025/М341
942 ## - ДОПОЛНИТЕЛЬНЫЕ ЭЛЕМЕНТЫ ЗАПИСИ (АБИС)
Тип экземпляра АБИС Книга
980 ## - КОЛЛЕКЦИЯ
Название коллекции Международный сводный каталог русской книги (1918-1926)
980 ## - КОЛЛЕКЦИЯ
Название коллекции Национальная библиография

Нет доступных экземпляров.